| 000 | 00483nam a2200193 a 4500 | ||
|---|---|---|---|
| 001 | 1772445719448 | ||
| 003 | YourLibrary | ||
| 005 | 20260302153326.0 | ||
| 008 | 260302s2002##################000#0#eng## | ||
| 020 | _a9780375726446 | ||
| 082 | 0 | 4 |
_a323.44 _bLES |
| 100 | 1 |
_aLessig, Lawrence, _eauthor. |
|
| 245 | 1 | 0 | _aThe Future of Ideas : |
| 260 |
_bVintage, _c2002. |
||
| 300 | _a378 pages | ||
| 650 | 0 | _aComputers. | |
| 942 | _cENGLISH | ||
| 040 |
_aYourLibrary _beng _cYourLibrary |
||
| 999 |
_c616332 _d616332 |
||